La marcha de los bárbaros / (Record no. 88576)

MARC details
000 -LEADER
campo de control de longitud fija 00502nam a2200157 i 4500
001 - NÚMERO DE CONTROL
campo de control 88576
003 - IDENTIFICADOR DE NÚMERO DE CONTROL
campo de control ES-MaACL
007 - CAMPO FIJO DE DESCRIPCIÓN FÍSICA--INFORMACIÓN GENERAL
campo de control de longitud fija t|
008 - DATOS DE LONGITUD FIJA--INFORMACIÓN GENERAL
campo de control de longitud fija 050105s1943 ag ||||1| spa d
100 1# - ENTRADA PRINCIPAL--NOMBRE DE PERSONA
Nombre de persona Lamb, Harold.
9 (RLIN) 69797
245 13 - MENCIÓN DEL TÍTULO
Título La marcha de los bárbaros /
Mención de responsabilidad, etc. Harold Lamb ; traducción de Román A. Jiménez.
260 ## - PUBLICACIÓN, DISTRIBUCIÓN, ETC.
Lugar de publicación, distribución, etc. Buenos Aires :
Nombre del editor, distribuidor, etc. Editorial Sudamericana,
Fecha de publicación, distribución, etc. [1943] (
Fabricante Rodríguez Giles)
300 ## - DESCRIPCIÓN FÍSICA
Extensión 165 p. ;
Dimensiones 21 cm.
700 1# - ENTRADA AGREGADA--NOMBRE PERSONAL
Nombre de persona Jiménez, Román A.
9 (RLIN) 66438
852 ## - LOCALIZACIÓN
Ubicación ES-MaACL
Número de control de estantería E-2166
Sublocalización o colección R.23327
Holdings
Estatus retirado Estado de pérdida Estado de daño No para préstamo Biblioteca de origen Biblioteca actual Ubicación en estantería Fecha de adquisición Fuente de adquisición Total de préstamos Signatura topográfica completa Código de barras Visto por última vez Precio de reemplazo Tipo de ítem Koha
        Biblioteca del Ateneo de Madrid Biblioteca del Ateneo de Madrid Depósito 2 17/01/2008     E-2166 1092522 23/02/2023 23/02/2023 Libro impreso